[Event "BRA-ch Amateurs U2300"]
[Site "Sao Paulo"]
[Date "2024.05.30"]
[Round "2"]
[White "Fernandes, Thuane Teixeira"]
[Black "Kaneda, Eric Kazuichi"]
[Result "0-1"]
[WhiteElo "1724"]
[BlackElo "1894"]
[PlyCount "84"]
[EventDate "2024.05.30"]
[EventType "swiss"]
[EventRounds "7"]
[EventCountry "BRA"]
[SourceTitle "CBM 220 Extra"]
[Source "ChessBase"]
[SourceDate "2024.07.31"]
[SourceVersion "1"]
[SourceVersionDate "2024.07.31"]
[SourceQuality "1"]

1. e4 e5 2. Nf3 d6 3. d4 exd4 4. Nxd4 Nf6 5. Nc3 Be7 6. Bf4 0-0 7. Qf3 Nc6 8. Nxc6 bxc6 9. Bd3 d5 10. e5 Ne8 11. Qg3 f5 12. exf6 Bxf6 13. Bd2 Bh4 14. Qe5 Bxf2+ 15. Kd1 Bg4+ 16. Kc1 Qf6 17. Qxf6 Nxf6 18. Rf1 Nd7 19. b4 Ne5 20. Ba6 Bc8 21. Be2 Bb7 22. Kb2 c5 23. Nd1 Bd4+ 24. c3 Rxf1 25. Bxf1 Bg1 26. Be3 Bxe3 27. Nxe3 cxb4 28. cxb4 Rf8 29. Rc1 d4 30. Nc4 Rxf1 31. Nxe5 Rxc1 32. Kxc1 Bxg2 33. Kd2 Be4 34. a4 Kf8 35. Nc4 Ke7 36. Na3 c6 37. b5 Kd6 38. a5 cxb5 39. Nxb5+ Kc5 40. Nxa7 Bb7 41. Kd3 g5 42. Ke2 h5 0-1

[Event "BRA-ch Amateurs U2300"]
[Site "Sao Paulo"]
[Date "2024.05.30"]
[Round "1"]
[White "Ikejiri, Daniel Yoshito"]
[Black "Fernandes, Thuane Teixeira"]
[Result "1-0"]
[WhiteElo "1956"]
[BlackElo "1724"]
[PlyCount "71"]
[EventDate "2024.05.30"]
[EventType "swiss"]
[EventRounds "7"]
[EventCountry "BRA"]
[SourceTitle "CBM 220 Extra"]
[Source "ChessBase"]
[SourceDate "2024.07.31"]
[SourceVersion "1"]
[SourceVersionDate "2024.07.31"]
[SourceQuality "1"]

1. e4 e5 2. Nf3 Nc6 3. d4 exd4 4. Nxd4 Qf6 5. Nb3 Nge7 6. Nc3 Ng6 7. g3 Bb4 8. Bd2 0-0 9. Bg2 Nge5 10. a3 Bxc3 11. Bxc3 Qe7 12. f4 Ng6 13. Qd3 d6 14. 0-0-0 Bg4 15. Rde1 Rae8 16. Nd4 f6 17. Qc4+ Qf7 18. Qxf7+ Kxf7 19. Nxc6 bxc6 20. f5 Ne5 21. Bxe5 dxe5 22. h3 Bh5 23. g4 Bg6 24. fxg6+ Kxg6 25. h4 Rb8 26. Rd1 Rf7 27. Rd2 Re8 28. Rhd1 Ree7 29. Bf1 h5 30. Be2 hxg4 31. Bxg4 Kh6 32. h5 Kg5 33. Rg1 Kf4 34. Bf5 Ke3 35. Rd3+ Kf2 36. Rgd1 1-0

[Event "Sao Paulo Pascoa op"]
[Site "Sao Paulo"]
[Date "2024.03.29"]
[Round "2"]
[White "De Bastiani, Tales Otavio"]
[Black "Fernandes, Thuane Teixeira"]
[Result "0-1"]
[WhiteElo "1489"]
[BlackElo "1736"]
[PlyCount "164"]
[EventDate "2024.03.29"]
[EventType "swiss"]
[EventRounds "6"]
[EventCountry "BRA"]
[SourceTitle "CBM 219 Extra"]
[Source "ChessBase"]
[SourceDate "2024.05.31"]
[SourceVersion "1"]
[SourceVersionDate "2024.05.31"]
[SourceQuality "1"]

1. c4 d5 2. cxd5 Nf6 3. Nc3 Nxd5 4. g3 e5 5. Bg2 Nxc3 6. bxc3 c6 7. Nf3 Bd6 8. 0-0 Be6 9. d3 f6 10. c4 Qc7 11. Be3 0-0 12. Qc2 c5 13. Qb2 Nd7 14. Nd2 Rab8 15. Ne4 Be7 16. Nc3 Nb6 17. Nb5 Qd8 18. Nxa7 Na4 19. Qc2 Qa5 20. Nb5 Bd7 21. Bd2 Qa6 22. Nc7 Qa7 23. Nd5 Bd8 24. Qb3 Bc6 25. Bc3 Nxc3 26. Qxc3 Kh8 27. Ne3 Bxg2 28. Kxg2 Ba5 29. Qa3 b6 30. Nd5 Qb7 31. Kg1 Qc6 32. Rfb1 Ra8 33. Rb5 Ra6 34. Qb3 Rb8 35. Rb1 h6 36. Ne7 Qd7 37. Nd5 Qc6 38. Ne7 Qd6 39. Nd5 Kg8 40. h4 Kf7 41. e4 Ke6 42. Kf1 Kd7 43. Ke2 Rb7 44. Rb2 Kc8 45. Rb1 Kb8 46. Rb2 Ka7 47. Rb1 Qe6 48. Rb2 Qg4+ 49. Kf1 Qh3+ 50. Ke2 Qd7 51. Rb1 Kb8 52. Rb2 Qd6 53. Rb1 Qe6 54. Rb2 g5 55. hxg5 hxg5 56. Nc3 Qg4+ 57. Ke3 Qd7 58. Na4 Qd4+ 59. Ke2 Rc7 60. Nxb6 Bxb6 61. Rxb6+ Rxb6 62. Qxb6+ Kc8 63. a4 f5 64. f3 f4 65. gxf4 gxf4 66. Qe6+ Rd7 67. Qc6+ Kd8 68. Rb8+ Ke7 69. Rb7 Qxd3+ 70. Ke1 Qe3+ 71. Kf1 Qxf3+ 72. Ke1 Qe3+ 73. Kf1 Qd3+ 74. Kf2 Qd4+ 75. Kf1 Qd6 76. Rxd7+ Qxd7 77. Qxd7+ Kxd7 78. a5 Kc6 79. a6 Kb6 80. a7 Kxa7 81. Ke2 Kb6 82. Kf3 Ka5 0-1

[Event "Sao Carlos Paulista-ch op"]
[Site "Sao Carlos"]
[Date "2023.09.10"]
[Round "7"]
[White "Fernandes, Thuane Teixeira"]
[Black "Romero, Lila Angelica"]
[Result "0-1"]
[WhiteElo "1617"]
[BlackElo "1329"]
[PlyCount "60"]
[EventDate "2023.09.07"]
[EventType "swiss"]
[EventRounds "7"]
[EventCountry "BRA"]
[SourceTitle "CBM 216 Extra"]
[Source "ChessBase"]
[SourceDate "2023.11.30"]
[SourceVersion "1"]
[SourceVersionDate "2023.11.30"]
[SourceQuality "1"]

1. d4 d5 2. c4 e6 3. Nc3 c6 4. Nf3 Bd6 5. e3 Nd7 6. Be2 f5 7. c5 Bc7 8. b4 h6 9. h4 Ngf6 10. Nd2 Qe7 11. Bh5+ Nxh5 12. Qxh5+ Qf7 13. Qxf7+ Kxf7 14. Bb2 b6 15. f4 Rb8 16. Rb1 Ba6 17. Kf2 bxc5 18. bxc5 Bd3 19. Ba1 Bxb1 20. Rxb1 Rxb1 21. Ndxb1 Rb8 22. Ke2 Ba5 23. Kd3 Nf6 24. Nd2 Bxc3 25. Kxc3 Ne4+ 26. Nxe4 fxe4 27. Bb2 Kg6 28. g4 h5 29. g5 Kf5 30. Bc1 Kg4 0-1

[Event "Sao Carlos Paulista-ch op"]
[Site "Sao Carlos"]
[Date "2023.09.08"]
[Round "3"]
[White "Fernandes, Thuane Teixeira"]
[Black "De Arruda, Leandro Formes"]
[Result "0-1"]
[WhiteElo "1617"]
[BlackElo "1980"]
[PlyCount "50"]
[EventDate "2023.09.07"]
[EventType "swiss"]
[EventRounds "7"]
[EventCountry "BRA"]
[SourceTitle "CBM 216 Extra"]
[Source "ChessBase"]
[SourceDate "2023.11.30"]
[SourceVersion "1"]
[SourceVersionDate "2023.11.30"]
[SourceQuality "1"]

1. e4 e6 2. d4 d5 3. exd5 exd5 4. Nf3 Nf6 5. Bd3 Be7 6. 0-0 0-0 7. h3 c6 8. Ne5 Nbd7 9. f4 c5 10. c3 cxd4 11. Nxd7 Bxd7 12. Bc2 dxc3 13. Nxc3 Qb6+ 14. Kh1 Bc6 15. Re1 Bd6 16. Ba4 Rfe8 17. Rxe8+ Rxe8 18. Bxc6 bxc6 19. Rb1 Qf2 20. Bd2 d4 21. Be1 Qf1+ 22. Kh2 Bxf4+ 23. g3 dxc3 24. gxf4 Re2+ 25. Kg3 Rg2+ 0-1

[Event "Sao Carlos Paulista-ch op"]
[Site "Sao Carlos"]
[Date "2023.09.07"]
[Round "1"]
[White "Fernandes, Thuane Teixeira"]
[Black "Frare, Fernando Cesar"]
[Result "0-1"]
[WhiteElo "1617"]
[BlackElo "2218"]
[PlyCount "94"]
[EventDate "2023.09.07"]
[EventType "swiss"]
[EventRounds "7"]
[EventCountry "BRA"]
[SourceTitle "CBM 216 Extra"]
[Source "ChessBase"]
[SourceDate "2023.11.30"]
[SourceVersion "1"]
[SourceVersionDate "2023.11.30"]
[SourceQuality "1"]

1. e4 c5 2. Nf3 d6 3. d4 cxd4 4. Nxd4 Nf6 5. Nc3 a6 6. Bg5 e6 7. Nb3 Nbd7 8. Be2 Be7 9. 0-0 b5 10. a3 Bb7 11. Bf3 Ne5 12. Re1 0-0 13. Bf4 Nxf3+ 14. Qxf3 Qc7 15. Rad1 Rfd8 16. Qg3 Nh5 17. Qe3 Nxf4 18. Qxf4 Rac8 19. Re3 Bf6 20. Red3 Be5 21. Qd2 Qb6 22. Re1 Rc4 23. Kh1 Bxc3 24. bxc3 Bxe4 25. Rd4 Rxd4 26. cxd4 Bd5 27. Nc1 Rc8 28. c3 Qc6 29. Re3 Bxg2+ 30. Kg1 Be4 31. Rg3 Bg6 32. h4 Qd5 33. Ne2 Qf5 34. Nf4 Kf8 35. h5 Bxh5 36. Rg5 Qb1+ 37. Kh2 Bg6 38. d5 e5 39. Ne2 Rc4 40. f3 Qd3 41. Qxd3 Bxd3 42. Ng3 h6 43. Rh5 Rxc3 44. Ne4 Bxe4 45. fxe4 Rxa3 46. Kg1 b4 47. Rh2 Ra1+ 0-1

[Event "Sao Paulo Hebraica op 31st"]
[Site "Sao Paulo"]
[Date "2023.07.02"]
[Round "6"]
[White "Fernandes, Thuane Teixeira"]
[Black "Simao, Davi Ribeiro"]
[Result "0-1"]
[WhiteElo "1694"]
[BlackElo "1284"]
[PlyCount "60"]
[EventDate "2023.06.30"]
[EventType "swiss"]
[EventRounds "6"]
[EventCountry "BRA"]
[SourceTitle "CBM 215 Extra"]
[Source "ChessBase"]
[SourceDate "2023.09.30"]
[SourceVersion "1"]
[SourceVersionDate "2023.09.30"]
[SourceQuality "1"]

1. e4 e5 2. Nf3 Nc6 3. Bc4 Bc5 4. c3 Nf6 5. d3 d6 6. Bg5 h6 7. Bh4 g5 8. Bg3 a6 9. h4 g4 10. Nh2 Rg8 11. Nf1 h5 12. Nbd2 Be6 13. Ne3 d5 14. exd5 Nxd5 15. Qe2 Nf4 16. Bxf4 exf4 17. Nc2 Qd7 18. d4 0-0-0 19. 0-0-0 Bb6 20. Ne4 Qe7 21. d5 Bf5 22. dxc6 Qxe4 23. cxb7+ Kxb7 24. Bd5+ Rxd5 25. Qxe4 Bxe4 26. f3 gxf3 27. gxf3 Bxf3 28. Rxd5 Bxd5 29. Rf1 Rg1 30. Rd1 f3 0-1